02008nam a22002177a 450000500170000000800410001702000180005804000070007604100080008308200210009110000200011224500440013226000350017630000220021136500560023352014130028965000290170265000200173165000180175165000210176920260124120739.0230523b ||||| |||| 00| 0 eng d a9781398510258 cAL aeng 223a813.54bEVAR aJanet Evanovich aRecovery agentb: A Gabriela Rose Novel aLondonbSimon & Schusterc2022 a297pbPBc23x15cm 2Englisha1170b559.00c₹d699.00e20%f17-05-2023 aLost something? Gabriela Rose knows how to get it back. As a recovery agent, she’s hired by individuals and companies seeking lost treasures, stolen heirlooms, or missing assets. She’s reliable, cool under pressure, and well trained in weapons of all types. But Gabriela’s latest job isn’t for some bamboozled billionaire, it’s for her own family, whose home is going to be wiped off the map if they can’t come up with a lot of money fast. Inspired by an old family legend, Gabriela sets off for the jungles of Peru in pursuit of the Ring of Solomon and the lost treasure of Lima. But this job comes with a huge problem attached to it—Gabriela’s ex-husband, Rafer. It’s Rafer who has the map that possibly points the way to the treasure, and he’s not about to let Gabriela find it without him. Rafer is as relaxed as Gabriela is driven, and he has a lifetime’s experience getting under his ex-wife’s skin. But when they aren’t bickering about old times the two make a formidable team, and it’s going to take a team to defeat the vicious drug lord who has also been searching for the fabled ring. A drug lord who doesn’t mind leaving a large body count behind him to get it. “A rollicking adventure and a great start to a new series” (Booklist, starred review), The Recovery Agent will have you clamoring for more and cheering for the unstoppable Gabriela Rose on every page. aAmerican English Fiction aEnglish Fiction aEnglish Novel aEnglish Thriller